1331 1992 1010 1630 1113 1749 1991 1670 1644 1701 1852 1909 1541 1080 1857 1727 1463 1712 1974 1668 1985 1540 1342 1190 1115 1226 1013 1183 1591 1869 1825 1636 1314 1763 1690 1375 1847 1649 1124 1174 1731 1207 1535 1297 1655 1573 1761 1768 1557 1363 1961 1921 1653 1996 1409 1017 1570 1883 1615 1231 1346 1748 1013 1182 1045 1817 1282 1813 1307 1713 1979 1856 1954 1654 1919 1838 1689 1372 1101 1272 1098 1152 1826 1316 1774 1849 1760 1300 1442 1282 1839 1626 1705 1229 1551 1953 1591 1030 1070 BCNSPRNW ULIB Ver.6.0+V

เปลี่ยนเป็นภาษาไทย

Change to English
 แสดงรายละเอียดบรรณานุกรม
  กลับหน้าหลัก

Brief Record : Get Marc (ISO 2709) : E-mail record : QR code < ปิดหน้าต่าง
LEADER : 00000nam 2200000uu 4500
001    13399125230
003     ULIB
008    161121s2559||||th 000 0 tha d
020    ^a9786164231573
050  0 ^aBF637 ^bส925ค 2559
100 0  ^aสุริยะ วงศ์คงคาเทพ ผู้เขียน
245 00 ^aคิดแล้วทำ ทำแล้วคิด 2/สุริยะ วงศ์คงคาเทพ ผู้เขียน
260    ^aกรุงเทพฯ
300    ^a105 หน้า^bภาพประกอบ^c21 ซ.ม
650  0 ^aวิธีคิด
650  0 ^aการคิด
650  0 ^aกระบวนการคิด
710 1  ^aกรุงเทพฯ:2559
945    ^p0^l0^i001546
945    ^p0^l0^i001547
945    ^p0^l0^i001548
999    ^aวรรณษา ชูชัยมงคล
รายการนี้ยังไม่มีแท็ก
คุณยังไม่ได้ล็อกอิน คุณสามารถมีกิจกรรมร่วมกับเว็บไซต์ได้ แต่ต้องล็อกอินก่อน ::
  ล็อกอิน

รายการสื่อสารสนเทศ

ลำดับที่ ประเภท เลขเรียก/บาร์โค้ด สถานที่ สถานะ
1. การศึกษาทั่วไป
การศึกษาทั่วไป
BF637 ส925ค 2559 ฉ.1 
  Barcode: 001546
ห้องสมุดวิทยาเขตสวรรค์ประชารักษ์
►หนังสือทั่วไป
บนชั้น
2. การศึกษาทั่วไป
การศึกษาทั่วไป
BF637 ส925ค 2559 ฉ.2 
  Barcode: 001547
ห้องสมุดวิทยาเขตสวรรค์ประชารักษ์
►หนังสือทั่วไป
บนชั้น
3. การศึกษาทั่วไป
การศึกษาทั่วไป
BF637 ส925ค 2559 ฉ.3 
  Barcode: 001548
ห้องสมุดวิทยาเขตสวรรค์ประชารักษ์
►หนังสือทั่วไป
บนชั้น

รายการใกล้เคียง
    หัวเรื่อง [การคิด]

BibComment


ยังไม่เคยถูกคอมเมนท์

คอมเมนท์ทรัพยากรรายการนี้
  คอมเมนท์: คิดแล้วทำ ทำแล้ว..


 Copyright 2026. Bcnsprnw @Library